| 000 | 00785nam a2200193 a 4500 | ||
|---|---|---|---|
| 008 | 160426s2015 ||||||||||||||||| || u | ||
| 020 | _a9780199397990 | ||
| 050 | _aKJ 651 Sus | ||
| 100 | _aSusskind, Lawrence. E | ||
| 245 | 1 | 0 |
_aEnvironmental diplomacy: negotiating more effective global agreements _cby Lawrence E. Susskind and Saleem H. Ali |
| 250 | _a2nd ed. | ||
| 260 |
_aNew York _bOxford University Press _c2015 |
||
| 300 | _axvi, 228p.: ill. | ||
| 350 | _a53.00 | ||
| 650 | _aSUSTAINABLE DEVELOPMENT--LAW AND LEGISLATION | ||
| 650 | 0 | _aENVIRONMENTAL LAW, INTERNATIONAL | |
| 650 | _aNEGOTIATION--METHODOLOGY | ||
| 995 |
_FCBU-MAIN LIBRARY (Kitwe) _I53.00 _M1 _UAVAILABLE _WMay 12, 2016 _ZMain Library Open Access Collection |
||
| 999 |
_c42193 _d42193 |
||